| 000 | 00488nam a2200169Ia 4500 | ||
|---|---|---|---|
| 008 | 240729s9999 xx 000 0 und d | ||
| 022 | _a1662-5110 | ||
| 245 | 0 | _aFrontiers in Neural Circuits | |
| 260 | _aSwitzerland | ||
| 260 | _bFrontiers Media S.A. | ||
| 650 | _a Internal medicine | ||
| 650 | _a Neurosciences. Biological psychiatry. Neuropsychiatry | ||
| 650 | _aMedicine | ||
| 856 | _uhttps://doaj.org/toc/c33c96d51ab94422890425fc18b35a82 | ||
| 942 | _2ddc | ||
| 942 | _cDOAJEJ | ||
| 999 |
_c67116 _d67116 |
||
| 945 |
_a1 _bMadushi Gamage _c1 _dMadushi Gamage |
||